Loading...
Literature - European Literature | 0 | 9 | 0 | 0 | 90 | 53 | 78.44 | 1 | 9 |
Fine Arts - Visual Fine Arts | 0 | 9 | 0 | 0 | 90 | 51 | 76.67 | 6 | 9 |
Science - Biology | 0 | 9 | 1 | 1 | 85 | 53 | 89.11 | 1 | 5 |
Science - Other Science | 0 | 8 | 0 | 1 | 80 | 76 | 97.38 | 1 | 5 |
Science - Chemistry | 0 | 7 | 1 | 0 | 65 | 56 | 74.00 | 3 | 7 |
Literature - American Literature | 0 | 6 | 0 | 0 | 60 | 48 | 73.50 | 1 | 4 |
Science - Physics | 0 | 6 | 1 | 0 | 55 | 62 | 81.33 | 2 | 4 |
Fine Arts - Classical Music | 0 | 5 | 0 | 0 | 50 | 51 | 87.60 | 2 | 5 |
Literature - World/Other Literature | 0 | 5 | 2 | 0 | 40 | 67 | 82.60 | 1 | 5 |
Literature - British Literature | 0 | 5 | 2 | 0 | 40 | 42 | 79.60 | 1 | 4 |
Social Science | 0 | 3 | 0 | 1 | 30 | 63 | 78.00 | 1 | 3 |
History - Other History | 0 | 2 | 0 | 0 | 20 | 68 | 70.50 | 0 | 2 |
History - World History | 0 | 2 | 1 | 0 | 15 | 73 | 74.00 | 0 | 1 |
Mythology | 0 | 1 | 0 | 0 | 10 | 63 | 63.00 | 0 | 1 |
Geography/Current Events | 0 | 1 | 0 | 0 | 10 | 98 | 98.00 | 0 | 0 |
History - American History | 0 | 1 | 0 | 0 | 10 | 67 | 67.00 | 0 | 1 |
Philosophy | 0 | 1 | 0 | 0 | 10 | 89 | 89.00 | 1 | 1 |
Fine Arts - Other Fine Arts | 0 | 1 | 1 | 0 | 5 | 78 | 78.00 | 1 | 1 |
Religion | 0 | 2 | 5 | 0 | -5 | 77 | 91.50 | 1 | 1 |